000 00887cam a2200229 a 4500
005 20090924191526.0
008 060803s2007 njua b 001 0 eng
010 _aENG-95651
020 _a9788120338135
_c275.00
035 _aEN-79184
037 _aDBAD/PUB
040 _aDPL
082 _aN
100 _aDickens, Charles
245 _aGreat expectations
_cby Charles Dickens ; edited by Bibhash Choudhury
260 _aNew Delhi :
_bPHI Learning
_c2009
300 _a463p. :
_c22 cm. (Pbk)
700 _aChoudhury, Bibhash
942 _2ddc
_cEN
_mDIC
_hN
999 _c33097
_d33097